Statistiques concernant Le Quiz Extrême Sur le Langue de Pain

Cliquez ici pour prendre le quiz!

Statistiques générales

  • Ce quiz a été pris 18 fois
  • Le résultat moyen est 5 sur 15

Statistiques - réponses

Le LangueLe Pain% Correct
CatalanPa
100%
FrancaisPain
100%
ItalienPane
100%
EspagnolPan
94%
PortugaisPão
29%
DanoisBrød
24%
AllemandBrot
18%
AfrikaansBrood
12%
IrlandaisArán
6%
IslandaisBrauð
6%
PolonaisChleb
6%
SwahiliMkate
6%
BasqueOgia
6%
HausaBurodi
0%
FinlandaisLeipä
0%

Distribution des résultats

Percentile par nombre de réponses

% des personnes avec chaque résultat

Votre développement - résultats

Vous n’avez pas pris ce quiz